Normal view
MARC view
- Santos, Rosita De Guzman.,
Entry Personal Name
001 - CONTROL NUMBER
- control field: 395
003 - CONTROL NUMBER IDENTIFIER
- control field: URS
005 - DATE AND TIME OF LATEST TRANSACTION
- control field: 20210727135607.0
008 - FIXED-LENGTH DATA ELEMENTS
- fixed length control field: 210727|| aca||aabn | a|a d
040 ## - CATALOGING SOURCE
- Original cataloging agency: URS
100 ## - HEADING--PERSONAL NAME
- Personal name: Santos, Rosita De Guzman.,
- Relator term: author.